<?xml version="1.0" encoding="UTF-8"?>
<record
    xmlns:xsi="http://www.w3.org/2001/XMLSchema-instance"
    xsi:schemaLocation="http://www.loc.gov/MARC21/slim http://www.loc.gov/standards/marcxml/schema/MARC21slim.xsd"
    xmlns="http://www.loc.gov/MARC21/slim">

  <leader>01764nam a22002057a 4500</leader>
  <controlfield tag="005">20260304095150.0</controlfield>
  <controlfield tag="008">260304b        |||||||| |||| 00| 0 eng d</controlfield>
  <datafield tag="020" ind1=" " ind2=" ">
    <subfield code="a">9781541602885</subfield>
  </datafield>
  <datafield tag="040" ind1=" " ind2=" ">
    <subfield code="c">AL</subfield>
  </datafield>
  <datafield tag="082" ind1=" " ind2=" ">
    <subfield code="a">925</subfield>
    <subfield code="b">COBC</subfield>
  </datafield>
  <datafield tag="100" ind1=" " ind2=" ">
    <subfield code="a">Mathew Cobb</subfield>
    <subfield code="9">257610</subfield>
  </datafield>
  <datafield tag="245" ind1=" " ind2=" ">
    <subfield code="a">Crick</subfield>
    <subfield code="b">: a mind in motion</subfield>
  </datafield>
  <datafield tag="260" ind1=" " ind2=" ">
    <subfield code="a">New York </subfield>
    <subfield code="b">Basic Books</subfield>
    <subfield code="c">2025</subfield>
  </datafield>
  <datafield tag="300" ind1=" " ind2=" ">
    <subfield code="a">viii,595p.</subfield>
    <subfield code="b">HB</subfield>
    <subfield code="c">24x16cm</subfield>
  </datafield>
  <datafield tag="365" ind1=" " ind2=" ">
    <subfield code="2">General</subfield>
    <subfield code="a">IN-67611</subfield>
    <subfield code="b">&#x20B9;2659.96</subfield>
    <subfield code="c">&#x20B9;</subfield>
    <subfield code="d">&#x20B9;2659.96</subfield>
    <subfield code="e">-</subfield>
  </datafield>
  <datafield tag="520" ind1=" " ind2=" ">
    <subfield code="a"> major new biography of Francis Crick, codiscoverer of the structure of DNA, pioneering neuroscientist, and twentieth-century genius 
What are the moments that make a life? In Francis Crick&#x2019;s, the decisive moment came in 1951, when he first met James Watson. Their ensuing discovery of the structure of DNA made Crick world-famous. But neither that chance meeting nor that discovery made Crick who he was. 
As Matthew Cobb shows in Crick, it is another chance encounter, with a line from the writing of Beat poet Michael McClure, that reveals Crick&#x2019;s character: &#x201C;THIS IS THE POWERFUL KNOWLEDGE,&#x201D; it shouted. Crick, having read it, would keep it with him for the rest of his life, a token of his desire to solve the riddles of existence. John Keats once accused scientists of merely wanting to &#x201C;unweave a rainbow,&#x201D; but it was an irrepressible, Romantic urge to wonder that defined Crick, as much as a desire to find the basis of life in DNA and the workings of our minds.  
For the first time ever, Cobb presents the full portrait of Crick, a scientist and a man: his triumphs and failings, insights and oversights. Crick set out to find the powerful knowledge. Almost miraculously, he did. </subfield>
  </datafield>
  <datafield tag="650" ind1=" " ind2=" ">
    <subfield code="a">Swinging Sixties</subfield>
    <subfield code="9">257611</subfield>
  </datafield>
  <datafield tag="650" ind1=" " ind2=" ">
    <subfield code="a">Interlude</subfield>
    <subfield code="9">257612</subfield>
  </datafield>
  <datafield tag="942" ind1=" " ind2=" ">
    <subfield code="2">ddc</subfield>
    <subfield code="c">BK</subfield>
  </datafield>
  <datafield tag="999" ind1=" " ind2=" ">
    <subfield code="c">240998</subfield>
    <subfield code="d">240998</subfield>
  </datafield>
  <datafield tag="952" ind1=" " ind2=" ">
    <subfield code="0">0</subfield>
    <subfield code="1">0</subfield>
    <subfield code="2">ddc</subfield>
    <subfield code="4">0</subfield>
    <subfield code="7">0</subfield>
    <subfield code="8">GEN</subfield>
    <subfield code="a">SE</subfield>
    <subfield code="b">SE</subfield>
    <subfield code="d">2026-01-27</subfield>
    <subfield code="e">amazon.in</subfield>
    <subfield code="g">2659.96</subfield>
    <subfield code="l">0</subfield>
    <subfield code="o">925 COBC</subfield>
    <subfield code="p">SE000234</subfield>
    <subfield code="r">2026-03-04 09:55:23</subfield>
    <subfield code="v">2659.96</subfield>
    <subfield code="w">2026-01-27</subfield>
    <subfield code="y">BK</subfield>
  </datafield>
</record>
